Nalaganje...
Ancient Indian rituals and their social contents/
| Glavni avtor: | |
|---|---|
| Format: | Printed Book |
| Izdano: |
New Delhi:
Manohar,
1996.
|
| Teme: |
| LEADER | 00524nam a22001451a 4500 | ||
|---|---|---|---|
| 999 | |c 2170 |d 2170 | ||
| 020 | |a 9788173041211 | ||
| 082 | |a 306.694 5 |b NNB/A | ||
| 100 | |a Narendra Nath Bhattacharya | ||
| 245 | |a Ancient Indian rituals and their social contents/ |c by Narendra Nath Bhattacharya | ||
| 260 | |a New Delhi: |b Manohar, |c 1996. | ||
| 300 | |a 305p. | ||
| 650 | |a Rituals India | ||
| 942 | |c BK | ||
| 952 | |0 0 |1 0 |4 0 |6 306_694000000000000_5_NNB_A |7 0 |9 3351 |a SSUS |b SSUS |d 2015-01-08 |g 450.00 |o 306.694 5 NNB/A |p 048968 |r 2015-01-08 |v 0.00 |w 2015-01-08 |y BK | ||